Elements of chemistry/ (Record no. 1231)

MARC details
000 -LEADER
fixed length control field 00995cam a22002771 4500
005 - DATE AND TIME OF LATEST TRANSACTION
control field 20260322212052.0
008 - FIXED-LENGTH DATA ELEMENTS--GENERAL INFORMATION
fixed length control field data
010 ## - LIBRARY OF CONGRESS CONTROL NUMBER
LC control number 55010351
040 ## - CATALOGING SOURCE
Original cataloging agency DLC
Transcribing agency DLC
Modifying agency DLC
041 1# - LANGUAGE CODE
Language code of text/sound track or separate title engfre
050 00 - LIBRARY OF CONGRESS CALL NUMBER
Classification number AC1
Item number .G72 vol. 45
082 00 - DEWEY DECIMAL CLASSIFICATION NUMBER
Classification number 540
001 - CONTROL NUMBER
control field data
100 1# - MAIN ENTRY--PERSONAL NAME
Personal name Lavoisier, Antoine Laurent,
Dates associated with a name 1743-1794.
240 10 - UNIFORM TITLE
Uniform title Traité élémentaire de chimie.
Language of a work English
245 10 - TITLE STATEMENT
Title Elements of chemistry/
Statement of responsibility, etc. Antoine Laurent Lavoisier ... [et al.].
260 ## - PUBLICATION, DISTRIBUTION, ETC.
Place of publication, distribution, etc. Chicago,
Name of publisher, distributor, etc. Encyclopædia Britannica
Date of publication, distribution, etc. [1955, c1952]
300 ## - PHYSICAL DESCRIPTION
Extent xii, 898 p.
Other physical details illus.
Dimensions 25 cm.
490 0# - SERIES STATEMENT
Series statement Great books of the Western World, v. 45
504 ## - BIBLIOGRAPHY, ETC. NOTE
Bibliography, etc. note Bibliographical footnotes.
650 #0 - SUBJECT ADDED ENTRY--TOPICAL TERM
Topical term or geographic name entry element Chemistry.
700 1# - ADDED ENTRY--PERSONAL NAME
Personal name Fourier, Jean Baptiste Joseph,
Dates associated with a name 1768-1830.
Titles and other words associated with a name baron,
Title of a work Théorie analytique de la chaleur.
Language of a work English.
Date of a work 1955.
700 1# - ADDED ENTRY--PERSONAL NAME
Personal name Faraday, Michael,
Dates associated with a name 1791-1867.
Title of a work Experimental researches in electricity. 1955.
700 1# - ADDED ENTRY--PERSONAL NAME
Personal name Kerr, Robert,
Dates associated with a name 1755-1813,
Relator term tr.
700 1# - ADDED ENTRY--PERSONAL NAME
Personal name Freeman, Alexander,
Dates associated with a name 1838-1897,
Relator term tr.
Holdings
Withdrawn status Lost status Damaged status Not for loan Home library Current library Shelving location Date acquired Total checkouts Full call number Barcode Date last seen Price effective from Koha item type
        Franklin Franklin General stacks 22/03/2026   540 BC0011271 22/03/2026 22/03/2026 Books